| 000 | 00826nam a2200289 a 4500 | ||
|---|---|---|---|
| 003 | AR-BaBNM | ||
| 005 | 20251128205952.0 | ||
| 008 | 082120s2002 ||||||||||||||000 | spa|| | ||
| 020 | _a968-23-0937-9 | ||
| 040 | _cAR-BaBNM | ||
| 245 | 0 | 0 |
_aEl siglo XX _bproblemas mundiales entre los dos bloques de poder |
| 260 |
_aMéxico, D.F. _bSiglo Veintiuno _c1997 |
||
| 300 |
_a476 p. _btablas, mapas |
||
| 490 | 0 |
_aHistoria universal siglo veintiuno _vv. 36 |
|
| 504 | _aBibliografĂa p. 456-461 | ||
| 650 | 4 | _aHISTORIA ASIATICA | |
| 650 | 4 | _aSIGLO VEINTE | |
| 650 | 4 | _aHISTORIA AFRICANA | |
| 650 | 4 | _aHISTORIA POLITICA | |
| 650 | 4 | _aHISTORIA ECONOMICA | |
| 651 | 4 | _aAfrica | |
| 651 | 4 | _aIndochina | |
| 700 | 1 |
_aBenz, Wolfang _ecompilador |
|
| 700 | 1 |
_aGraml, Hermann _ecompilador |
|
| 942 | _cBK | ||
| 998 | _cMariana | ||
| 999 |
_c13533 _d13533 |
||